Fülep Lajos és Kner Imre levelezése
Elmentve itt :
| Szerző: | |
|---|---|
| További közreműködők: | |
| Adatforrás: | Philobibl |
| Dokumentumtípus: | Könyv |
| Nyelv: | magyar |
| Kulcsszavak: | művészetfilozófia művészettörténet |
| Megjelent: |
Gyula
Békés M. Lvt.
1990
|
| Sorozat: | Forráskiadványok a Békés Megyei Levéltárból
|
| LEADER | 00752cam a2200205 cr4500 | ||
|---|---|---|---|
| 001 | bibPHI0040679 | ||
| 005 | 20200924124355.2 | ||
| 008 | 940511t1990 hu a j 000 0 hun d | ||
| 100 | 1 | |a Fülep Lajos | |
| 245 | 1 | 0 | |a Fülep Lajos és Kner Imre levelezése |c [összeáll., bev. és jegyz. Sümegi György] ; [a levelek szövegét gond. Kőhegyi Mihály] ; [szerk. Erdész Ádám] |
| 260 | |a Gyula |b Békés M. Lvt. |c 1990 | ||
| 300 | |a 291 p., [12] t. | ||
| 490 | 1 | |a Forráskiadványok a Békés Megyei Levéltárból |v 17. | |
| 695 | |a művészetfilozófia | ||
| 695 | |a művészettörténet | ||
| 700 | 1 | |a Kner Imre | |
| 700 | 1 | |a Sümegi György | |
| 700 | 1 | |a Kőhegyi Mihály | |
| 700 | 1 | |a Erdész Ádám | |
| 830 | 0 | |a Forráskiadványok a Békés Megyei Levéltárból | |